000 00450nam a2200181Ia 4500
001 13346
005 20260306164754.0
008 260306t2013||||xx |||||||||||||| ||spa||
041 _aESP
082 _a001.42
_bT21P
100 _aTapia Fernández, Abel Andrés
_eAUT
245 0 _aLa producción intelectual universitaria
260 _c2013
300 _a135 páginas :
_c24 cm.
650 _aGEN
654 _aCHU
942 _cLIB
_dJUS
_fJUS
_2ddc
_n
999 _c13346
_d13346